000 00302nam a2200109Ia 4500
008 190913s9999||||xx |||||||||||||| ||und||
100 _aAndy Ripley
245 0 _aForfaiting for Exportes Practical Solutions for global Trade Finance
260 _aLondon
_b McGraw Hill
_c1996
300 _a759
942 _cBK
999 _c8170
_d8170